Normal view MARC view
  • México.

Entry Nombre Corporativo

Number of records used in: 5

001 - NÚMERO DE CONTROL

  • campo de control: 50161

003 - IDENTIFICADOR DE NUMERO DE CONTROL

  • campo de control: MX-MxUPN

005 - FECHA Y HORA DE LA ÜLTIMA TRANSACCIÓN

  • campo de control: 20231005204722.0

008 - DATOS DE LONGITUD FIJA

  • campo de control de longitud fija: 231005nn annnnaabn n ana d

040 ## - FUENTE DE CATALOGACIÓN

  • Agencia original de catalogación: MX-MxUPN
  • Lenguaje de catalogación: spa

110 1# - ENCABEZAMIENTO - NOMBRE CORPORATIVO

  • Nombre corporativo o de jurisdicción como elemento de entrada : México.
  • Title of a work: [Ley general para prevenir, investigar y sancionar la tortura y otros tratos o penas crueles, inhumanos o degradantes]

670 ## - FUENTE EN LA QUE SE LOCALIZARON DATOS

  • Cita de la fuente : Ley general para prevenir, investigar y sancionar la tortura y otros tratos o penas crueles, inhumanos o degradantes, 2017 :
  • Información localizada: portada (Ley general para prevenir, investigar y sancionar la tortura y otros tratos o penas crueles, inhumanos o degradantes)
  • Uniform Resource Identifier: https://www.diputados.gob.mx/LeyesBiblio/pdf/LGPIST.pdf

902 ## - CATALOGADOR

  • Catalogador: VíctorGodínez/051023